[Event "Sharjah Blitz"]
[Site "Sharjah"]
[Date "2023.03.28"]
[Round "1"]
[White "Tukhaev, Adam"]
[Black "Altarabichi, Hamza"]
[Result "1-0"]
[WhiteElo "2534"]
[BlackElo "1169"]
[PlyCount "99"]
[EventDate "2023.03.28"]
[EventType "swiss (blitz)"]
[EventRounds "9"]
[EventCountry "UAE"]
[SourceTitle "CBM 213 Extra"]
[Source "ChessBase"]
[SourceDate "2023.05.31"]
[SourceVersion "1"]
[SourceVersionDate "2023.05.31"]
[SourceQuality "1"]

1. e4 c6 2. d4 d5 3. exd5 cxd5 4. Bd3 Nc6 5. c3 Qc7 6. Ne2 Nf6 7. Bf4 Qd8 8. Nd2 Bg4 9. 0-0 e6 10. Qb3 Qd7 11. Ng3 Be7 12. Be5 0-0 13. h3 Bf5 14. Nxf5 exf5 15. Bxf6 Bxf6 16. Rae1 a6 17. Re2 Rfe8 18. Rfe1 b5 19. Rxe8+ Rxe8 20. Rxe8+ Qxe8 21. Qxd5 Qe1+ 22. Nf1 Qe6 23. Qxf5 Qe8 24. Qxh7+ Kf8 25. Qh8+ Ke7 26. Qxe8+ Kxe8 27. Ne3 g6 28. Nd5 Bg5 29. Nc7+ Ke7 30. Nxa6 Bc1 31. b3 Bb2 32. Nc7 b4 33. Nd5+ Ke6 34. Nxb4 Nxb4 35. cxb4 Bxd4 36. Bc4+ Ke7 37. h4 f6 38. g4 Bc3 39. b5 Kd6 40. Kg2 Bd2 41. Kf3 Kc5 42. Ke4 Be1 43. Ke3 Bc3 44. h5 gxh5 45. gxh5 Bb2 46. Ke4 Bc1 47. Kf5 Bg5 48. f4 Bh6 49. Kxf6 Bxf4 50. Kg6 1-0

[Event "Sharjah Rapid"]
[Site "Sharjah"]
[Date "2023.03.26"]
[Round "5"]
[White "Tukhaev, Adam"]
[Black "Eljanov, Pavel"]
[Result "1/2-1/2"]
[WhiteElo "2534"]
[BlackElo "2704"]
[PlyCount "92"]
[EventDate "2023.03.26"]
[EventType "swiss (rapid)"]
[EventRounds "9"]
[EventCountry "UAE"]
[SourceTitle "CBM 213 Extra"]
[Source "ChessBase"]
[SourceDate "2023.05.31"]
[SourceVersion "1"]
[SourceVersionDate "2023.05.31"]
[SourceQuality "1"]

1. e4 e5 2. Nf3 Nc6 3. Bb5 a6 4. Ba4 Nf6 5. 0-0 Be7 6. Re1 b5 7. Bb3 0-0 8. a4 b4 9. d4 d6 10. dxe5 Nxe5 11. Bf4 Ng6 12. Bg3 Bb7 13. Nbd2 Nh5 14. Nc4 a5 15. Nd4 Nxg3 16. hxg3 Bf6 17. c3 Re8 18. cxb4 axb4 19. Nc2 Bxe4 20. Nxb4 Qb8 21. Nd5 Qb7 22. Nxf6+ gxf6 23. f3 Bd5 24. Qd4 Qxb3 25. Qxd5 Rxe1+ 26. Rxe1 Rxa4 27. Ne3 Qb6 28. Kh2 Ra5 29. Qd2 Rh5+ 30. Kg1 Ne7 31. g4 Re5 32. Kh2 d5 33. Nf1 Qd6 34. Kg1 c5 35. Ng3 c4 36. Rd1 f5 37. Nh5 fxg4 38. fxg4 Qc5+ 39. Kh1 Qe3 40. Qxe3 Rxe3 41. Nf6+ Kg7 42. Nxd5 Nxd5 43. Rxd5 Re4 44. g5 Kg6 45. Kh2 Rg4 46. Rc5 Rxg5 1/2-1/2

[Event "Baku Jafarov Memorial"]
[Site "Baku"]
[Date "2022.07.02"]
[Round "9"]
[White "Valiyev, Shahin"]
[Black "Tukhaev, Adam"]
[Result "0-1"]
[WhiteElo "2080"]
[BlackElo "2534"]
[PlyCount "124"]
[EventDate "2022.06.26"]
[EventType "swiss"]
[EventRounds "9"]
[EventCountry "AZE"]
[SourceTitle "EXT 2023"]
[Source "ChessBase"]
[SourceDate "2022.10.05"]
[SourceVersion "1"]
[SourceVersionDate "2022.10.05"]
[SourceQuality "1"]
[WhiteTeam "Garabagh"]
[BlackTeam "Shirvanshah"]
[WhiteTeamCountry "AZE"]
[BlackTeamCountry "AZE"]

1. e4 e5 2. Nf3 Nc6 3. Bb5 a6 4. Ba4 g6 5. c3 Bg7 6. d4 exd4 7. cxd4 b5 8. Bc2 d6 9. h3 Nf6 10. 0-0 0-0 11. a3 Bb7 12. Nc3 Re8 13. Re1 Rc8 14. Bg5 Na5 15. Nh2 h6 16. Bh4 c5 17. dxc5 Rxc5 18. Bd3 Qa8 19. f3 Nd7 20. Rc1 Rcc8 21. Bf1 Ne5 22. Ng4 Re6 23. Ne3 Nac4 24. Nxc4 Nxc4 25. Bxc4 Rxc4 26. Qd2 Rd4 27. Qc2 d5 28. exd5 Bxd5 29. Bf2 Rc4 30. Qd2 Rxe1+ 31. Rxe1 Be6 32. Ne2 Qd5 33. Rd1 Qxd2 34. Rxd2 Rc8 35. Bd4 Rd8 36. Kf2 Bc4 37. Ke1 Bf8 38. Be3 Re8 39. Kf2 a5 40. Nc3 f5 41. h4 Kf7 42. g3 Bg7 43. Bd4 Rd8 44. Ke3 Bf8 45. Bb6 Re8+ 46. Kf2 b4 47. axb4 axb4 48. Nd1 Be6 49. Be3 Rc8 50. Kg2 Bg7 51. Nf2 b3 52. Nd3 Bc4 53. Nc5 Rc7 54. Kf2 g5 55. hxg5 hxg5 56. f4 gxf4 57. gxf4 Bf6 58. Nd3 Bxd3 59. Rxd3 Rc2+ 60. Kf3 Rxb2 61. Bd4 Rh2 62. Bxf6 Rh3+ 0-1

[Event "Abu Dhabi op Blitz 27th"]
[Site "Abu Dhabi"]
[Date "2021.12.15"]
[Round "2"]
[White "Amin, Bassem"]
[Black "Tukhaev, Adam"]
[Result "1-0"]
[WhiteElo "2680"]
[BlackElo "2534"]
[PlyCount "81"]
[EventDate "2021.12.15"]
[EventType "swiss (blitz)"]
[EventRounds "9"]
[EventCountry "UAE"]
[SourceTitle "CBM 205 Extra"]
[Source "ChessBase"]
[SourceDate "2022.01.31"]
[SourceVersion "1"]
[SourceVersionDate "2022.01.31"]
[SourceQuality "1"]

1. Nf3 c5 2. g3 g6 3. Bg2 Bg7 4. 0-0 Nc6 5. e4 e5 6. c3 Nge7 7. d3 0-0 8. a3 d6 9. b4 h6 10. Nbd2 Be6 11. Nb3 b6 12. b5 Nb8 13. a4 Nd7 14. Nfd2 Rc8 15. Nc4 Qc7 16. Ne3 Rfd8 17. c4 Rf8 18. Bb2 f5 19. f4 Rce8 20. a5 Kh7 21. Nd2 Rf7 22. Nd5 Qb8 23. axb6 axb6 24. Ra6 Bxd5 25. cxd5 Nc8 26. Nc4 Qc7 27. exf5 gxf5 28. Qh5 Ref8 29. fxe5 Nxe5 30. Bxe5 dxe5 31. Rxf5 Rxf5 32. Be4 Qd7 33. g4 Kg8 34. gxf5 Qd8 35. Ra8 Qf6 36. Qg6 Qh4 37. Qg3 Qh5 38. d6 Qd1+ 39. Kg2 Qe2+ 40. Kh1 Kh8 41. d7 1-0

[Event "Abu Dhabi op Blitz 27th"]
[Site "Abu Dhabi"]
[Date "2021.12.15"]
[Round "7"]
[White "Sadhwani, Raunak"]
[Black "Tukhaev, Adam"]
[Result "1-0"]
[WhiteElo "2616"]
[BlackElo "2534"]
[PlyCount "87"]
[EventDate "2021.12.15"]
[EventType "swiss (blitz)"]
[EventRounds "9"]
[EventCountry "UAE"]
[SourceTitle "CBM 205 Extra"]
[Source "ChessBase"]
[SourceDate "2022.01.31"]
[SourceVersion "1"]
[SourceVersionDate "2022.01.31"]
[SourceQuality "1"]

1. c4 c5 2. Nf3 Nc6 3. Nc3 g6 4. e3 Nf6 5. d4 cxd4 6. exd4 d5 7. cxd5 Nxd5 8. Qb3 Nxc3 9. Bc4 e6 10. bxc3 Bg7 11. Ba3 Bf8 12. 0-0 Bxa3 13. Qxa3 Qe7 14. Qc1 0-0 15. Qh6 Qf6 16. Nd2 e5 17. Ne4 Qg7 18. Qh4 exd4 19. cxd4 Qxd4 20. Rad1 Qg7 21. Nf6+ Kh8 22. Rd6 Bf5 23. g4 g5 24. Qg3 Be6 25. Nh5 Qe5 26. Bxe6 fxe6 27. Rd7 Qxg3+ 28. hxg3 Ne5 29. Rxb7 Nxg4 30. Rc1 Nf6 31. Rcc7 Nxh5 32. Rxh7+ Kg8 33. Rxh5 Rf5 34. Rhh7 a5 35. g4 Rd5 36. a4 Rc8 37. Kg2 Rc4 38. f3 Rxa4 39. Rhe7 Rf4 40. Rxe6 Rf7 41. Rg6+ Kf8 42. Rb8+ Ke7 43. Ra6 Rf6 44. Rb7+ 1-0

[Event "Abu Dhabi op 27th"]
[Site "Abu Dhabi"]
[Date "2021.12.14"]
[Round "8"]
[White "Tukhaev, Adam"]
[Black "Kovalev, Vladislav"]
[Result "1/2-1/2"]
[WhiteElo "2534"]
[BlackElo "2623"]
[PlyCount "68"]
[EventDate "2021.12.12"]
[EventType "swiss (rapid)"]
[EventRounds "9"]
[EventCountry "UAE"]
[SourceTitle "CBM 205 Extra"]
[Source "ChessBase"]
[SourceDate "2022.01.31"]
[SourceVersion "1"]
[SourceVersionDate "2022.01.31"]
[SourceQuality "1"]

1. e4 e5 2. Nf3 Nc6 3. d4 exd4 4. Nxd4 Nf6 5. Nc3 Bb4 6. Nxc6 bxc6 7. Bd3 0-0 8. 0-0 d5 9. exd5 cxd5 10. h3 c6 11. Qf3 Bd6 12. Bf4 Be6 13. Rad1 Bxf4 14. Qxf4 Qb8 15. Qxb8 Raxb8 16. b3 c5 17. Rfe1 Rfc8 18. Kh2 g6 19. g4 c4 20. bxc4 dxc4 21. Be2 Rc5 22. Bf3 Ra5 23. a4 Kg7 24. Rd4 Ne8 25. Kg3 Nc7 26. Bc6 Rc5 27. Bd7 Rd8 28. Red1 Kf8 29. Bxe6 Rxd4 30. Rxd4 Nxe6 31. Rd7 Ra5 32. Rb7 Nd4 33. Rc7 Nxc2 34. Rxc4 Ne1 1/2-1/2

[Event "Abu Dhabi op 27th"]
[Site "Abu Dhabi"]
[Date "2021.12.13"]
[Round "5"]
[White "Dimakiling, Oliver"]
[Black "Tukhaev, Adam"]
[Result "0-1"]
[WhiteElo "2420"]
[BlackElo "2534"]
[PlyCount "82"]
[EventDate "2021.12.12"]
[EventType "swiss (rapid)"]
[EventRounds "9"]
[EventCountry "UAE"]
[SourceTitle "CBM 205 Extra"]
[Source "ChessBase"]
[SourceDate "2022.01.31"]
[SourceVersion "1"]
[SourceVersionDate "2022.01.31"]
[SourceQuality "1"]

1. d4 Nf6 2. Nf3 c5 3. c3 e6 4. g3 b6 5. Bg2 Bb7 6. 0-0 Be7 7. Nbd2 0-0 8. Nc4 b5 9. Nce5 d6 10. Nd3 Nbd7 11. a4 a6 12. Bg5 h6 13. Bxf6 Nxf6 14. Nh4 Qc7 15. Bxb7 Qxb7 16. a5 c4 17. Nb4 d5 18. Ng2 Bxb4 19. cxb4 Qe7 20. Qe1 e5 21. Rd1 Rfe8 22. Ne3 Rad8 23. Nc2 e4 24. f4 exf3 25. exf3 Qd7 26. Qd2 Nh7 27. Ne3 Ng5 28. h4 Ne6 29. Nf5 h5 30. g4 Qc7 31. Rfe1 g6 32. Nh6+ Kg7 33. g5 Qg3+ 34. Qg2 Qxh4 35. Re5 Nxd4 36. f4 Qxf4 37. Rf1 Qxe5 38. Rxf7+ Kh8 39. Rf1 Qe3+ 40. Kh1 Qe4 41. Nf7+ Kg7 0-1

[Event "Abu Dhabi op 27th"]
[Site "Abu Dhabi"]
[Date "2021.12.12"]
[Round "1"]
[White "Tukhaev, Adam"]
[Black "Salem, AR Saleh"]
[Result "0-1"]
[WhiteElo "2534"]
[BlackElo "2690"]
[PlyCount "94"]
[EventDate "2021.12.12"]
[EventType "swiss (rapid)"]
[EventRounds "9"]
[EventCountry "UAE"]
[SourceTitle "CBM 205 Extra"]
[Source "ChessBase"]
[SourceDate "2022.01.31"]
[SourceVersion "1"]
[SourceVersionDate "2022.01.31"]
[SourceQuality "1"]

1. e4 c5 2. Nf3 d6 3. d4 cxd4 4. Nxd4 Nf6 5. Bb5+ Nbd7 6. 0-0 g6 7. Re1 Bg7 8. Bf1 0-0 9. c4 b6 10. Nc3 Bb7 11. f3 a6 12. Be3 e6 13. Rc1 Rc8 14. Qd2 Qc7 15. Red1 Rfd8 16. b4 Qb8 17. Nb3 Bf8 18. a3 Ba8 19. Qf2 Re8 20. Na4 Rc6 21. Nd4 Rcc8 22. Nb3 d5 23. exd5 exd5 24. c5 b5 25. Nc3 Bg7 26. Na5 Ne5 27. Bd4 Re6 28. Ne2 Nc4 29. Nxc4 dxc4 30. Nc3 Rce8 31. Rc2 Bc6 32. Re2 h6 33. Rxe6 Rxe6 34. Qg3 Qc8 35. Qf4 Kh7 36. Qd2 Qb8 37. a4 h5 38. axb5 axb5 39. Bf2 Bh6 40. Qd8 Qe5 41. Qd4 Qf5 42. Re1 Rxe1 43. Bxe1 Qe6 44. Bf2 Bg7 45. Qd2 Nd5 46. Bd4 Bh6 47. Qb2 Be3+ 0-1

[Event "New Delhi Parsvnath op-A 18th"]
[Site "New Delhi"]
[Date "2020.01.15"]
[Round "9"]
[White "Manish, Anto Cristiano F"]
[Black "Tukhaev, Adam"]
[Result "0-1"]
[WhiteElo "2280"]
[BlackElo "2548"]
[PlyCount "68"]
[EventDate "2020.01.09"]
[EventType "swiss"]
[EventRounds "10"]
[EventCountry "IND"]
[SourceTitle "CBM 194 Extra"]
[Source "ChessBase"]
[SourceDate "2020.03.31"]
[SourceVersion "1"]
[SourceVersionDate "2020.03.31"]
[SourceQuality "1"]

1. e4 e5 2. Nf3 Nc6 3. Bb5 g6 4. 0-0 Bg7 5. c3 a6 6. Ba4 d6 7. d4 Bd7 8. Re1 Nf6 9. Nbd2 0-0 10. Nf1 exd4 11. cxd4 b5 12. Bc2 Bg4 13. d5 Ne5 14. N1d2 Qc8 15. Qe2 Re8 16. Qf1 Bxf3 17. Nxf3 Nxf3+ 18. gxf3 c6 19. dxc6 Qxc6 20. Bb3 d5 21. e5 Nd7 22. f4 Nc5 23. Bd1 f6 24. Be3 fxe5 25. Rc1 d4 26. b4 dxe3 27. Rxc5 Qf6 28. fxe5 Qg5+ 29. Qg2 exf2+ 30. Kxf2 Qd2+ 31. Kf1 Rf8+ 32. Bf3 Rxf3+ 33. Qxf3 Rf8 34. Rc8 Qd3+ 0-1

[Event "Mumbai Wealth op 5th"]
[Site "Mumbai"]
[Date "2020.01.06"]
[Round "8"]
[White "Neverov, Valeriy"]
[Black "Tukhaev, Adam"]
[Result "1/2-1/2"]
[WhiteElo "2460"]
[BlackElo "2552"]
[PlyCount "93"]
[EventDate "2019.12.30"]
[EventType "swiss"]
[EventRounds "9"]
[EventCountry "IND"]
[SourceTitle "CBM 194 Extra"]
[Source "ChessBase"]
[SourceDate "2020.03.31"]
[SourceVersion "1"]
[SourceVersionDate "2020.03.31"]
[SourceQuality "1"]

1. d4 d5 2. c4 dxc4 3. e4 b5 4. a4 c6 5. axb5 cxb5 6. b3 e5 7. Nf3 exd4 8. bxc4 b4 9. Nbd2 Nc6 10. Nb3 Nf6 11. c5 Be7 12. Bb5 Bd7 13. Qd3 0-0 14. 0-0 Qc7 15. Re1 Ne5 16. Nxe5 Bxb5 17. Qxb5 Qxe5 18. h3 d3 19. Bd2 Rfd8 20. Qxb4 Rab8 21. Qc4 Qe6 22. Qxe6 fxe6 23. Rxa7 Rxb3 24. Rxe7 Rb2 25. Be3 Nxe4 26. c6 Rc2 27. Rxe6 d2 28. Rd1 Rc1 29. Rxc1 dxc1Q+ 30. Bxc1 Rd1+ 31. Kh2 Rxc1 32. Rxe4 Rxc6 33. g4 Kf7 34. h4 Rc3 35. Kg2 h6 36. Re5 Ra3 37. f3 Rb3 38. Kg3 Ra3 39. h5 Ra4 40. Re4 Ra3 41. Kf4 Kf6 42. Rd4 Ra6 43. Ke4 Ra1 44. Rd6+ Ke7 45. Rc6 Kf7 46. Rc4 Kf6 47. Rc6+ 1/2-1/2

[Event "Mumbai Wealth op 5th"]
[Site "Mumbai"]
[Date "2020.01.05"]
[Round "7"]
[White "Tukhaev, Adam"]
[Black "Mendonca, Leon Luke"]
[Result "1-0"]
[WhiteElo "2552"]
[BlackElo "2398"]
[PlyCount "141"]
[EventDate "2019.12.30"]
[EventType "swiss"]
[EventRounds "9"]
[EventCountry "IND"]
[SourceTitle "CBM 194 Extra"]
[Source "ChessBase"]
[SourceDate "2020.03.31"]
[SourceVersion "1"]
[SourceVersionDate "2020.03.31"]
[SourceQuality "1"]

1. e4 c5 2. Nf3 d6 3. c3 Nf6 4. Be2 g6 5. 0-0 Bg7 6. Bb5+ Nc6 7. d4 Bd7 8. d5 Ne5 9. Bxd7+ Nexd7 10. Re1 0-0 11. a4 Re8 12. Na3 a6 13. Qb3 Rb8 14. Nc4 b5 15. axb5 axb5 16. Na5 c4 17. Qc2 Qb6 18. Nc6 Rbc8 19. Be3 Nc5 20. Red1 Kf8 21. Nb4 Nfd7 22. Nd4 Ra8 23. Ndc6 Qb7 24. Rxa8 Rxa8 25. f3 Na6 26. Qf2 Nxb4 27. Nxb4 Ne5 28. h3 Kg8 29. Kh2 Qc7 30. Bb6 Qc8 31. Bd4 Nd3 32. Nxd3 Bxd4 33. Qxd4 cxd3 34. Qxd3 Qc5 35. b4 Qb6 36. Qe2 Ra3 37. Rc1 Qa6 38. c4 bxc4 39. Rxc4 Rb3 40. Qc2 Qa3 41. Qd2 Qb2 42. Qg5 Qf6 43. Qh6 Rc3 44. Rc6 Rxc6 45. dxc6 Qe5+ 46. Kh1 Qa1+ 47. Kh2 Qe5+ 48. f4 Qb5 49. Qg5 Qxc6 50. Qxe7 Qb6 51. e5 Qxb4 52. Qd8+ Kg7 53. Qf6+ Kg8 54. exd6 Qd2 55. Qe5 h6 56. h4 h5 57. Qf6 Qd1 58. Qe7 Qd2 59. Qe5 Kh7 60. f5 Kg8 61. fxg6 fxg6 62. Qf6 Kh7 63. Qf7+ Kh6 64. Qf8+ Kh7 65. Qf6 Qc2 66. Qe7+ Kh6 67. Qf8+ Kh7 68. Qf7+ Kh6 69. Qf4+ Kg7 70. d7 Qd3 71. Qc7 1-0

[Event "Mumbai Wealth op 5th"]
[Site "Mumbai"]
[Date "2019.12.30"]
[Round "1"]
[White "Raahul, VS."]
[Black "Tukhaev, Adam"]
[Result "1/2-1/2"]
[WhiteElo "2252"]
[BlackElo "2552"]
[PlyCount "80"]
[EventDate "2019.12.30"]
[EventType "swiss"]
[EventRounds "9"]
[EventCountry "IND"]
[SourceTitle "CBM 194 Extra"]
[Source "ChessBase"]
[SourceDate "2020.03.31"]
[SourceVersion "1"]
[SourceVersionDate "2020.03.31"]
[SourceQuality "1"]

1. c4 c5 2. Nf3 Nf6 3. Nc3 e6 4. d4 cxd4 5. Nxd4 Nc6 6. g3 d5 7. cxd5 exd5 8. Bg2 Bc5 9. Nb3 Bb6 10. Nxd5 Be6 11. e4 Bg4 12. Qd3 Nxd5 13. exd5 0-0 14. 0-0 Ne5 15. Qc3 Re8 16. Be3 Rc8 17. Bxb6 axb6 18. Qd4 Nf3+ 19. Bxf3 Bxf3 20. Rac1 Rxc1 21. Rxc1 Qd7 22. Nd2 Bxd5 23. Nf1 Qe6 24. Rc3 Bc6 25. Re3 Qxa2 26. Rxe8+ Bxe8 27. Qxb6 Qd5 28. Ne3 Qe4 29. Qd8 h6 30. Nd5 Kh7 31. Ne7 Qe1+ 32. Kg2 Qe4+ 33. Kg1 Qe1+ 34. Kg2 Bc6+ 35. Nxc6 Qe4+ 36. Kf1 bxc6 37. Qd6 f6 38. h4 Kg6 39. Qd7 h5 40. b4 Qb1+ 1/2-1/2

[Event "Bhopal op"]
[Site "Bhopal"]
[Date "2019.12.27"]
[Round "9"]
[White "Tukhaev, Adam"]
[Black "Deshmukh, Anup"]
[Result "1-0"]
[WhiteElo "2552"]
[BlackElo "2168"]
[PlyCount "54"]
[EventDate "2019.12.21"]
[EventType "swiss"]
[EventRounds "10"]
[EventCountry "IND"]
[SourceTitle "CBM 194 Extra"]
[Source "ChessBase"]
[SourceDate "2020.03.31"]
[SourceVersion "1"]
[SourceVersionDate "2020.03.31"]
[SourceQuality "1"]

1. e4 c5 2. Nf3 d6 3. d4 cxd4 4. Nxd4 Nf6 5. Nc3 a6 6. h3 g6 7. Be3 Bg7 8. Qd2 Nc6 9. 0-0-0 0-0 10. g4 Bd7 11. Kb1 b5 12. g5 b4 13. gxf6 bxc3 14. Nxc6 cxd2 15. Nxd8 Bxf6 16. Nxf7 Kxf7 17. Rxd2 Rab8 18. b3 Be6 19. Bg2 a5 20. f4 a4 21. Bd4 axb3 22. cxb3 Bxb3 23. axb3 Rxb3+ 24. Kc2 Rg3 25. Bf1 Rf3 26. e5 dxe5 27. fxe5 Rxf1 1-0

[Event "Bhopal op"]
[Site "Bhopal"]
[Date "2019.12.24"]
[Round "5"]
[White "Tukhaev, Adam"]
[Black "Phatak, Aanjaneya"]
[Result "1/2-1/2"]
[WhiteElo "2552"]
[BlackElo "1776"]
[PlyCount "47"]
[EventDate "2019.12.21"]
[EventType "swiss"]
[EventRounds "10"]
[EventCountry "IND"]
[SourceTitle "CBM 194 Extra"]
[Source "ChessBase"]
[SourceDate "2020.03.31"]
[SourceVersion "1"]
[SourceVersionDate "2020.03.31"]
[SourceQuality "1"]

1. Nf3 Nf6 2. g3 g6 3. Bg2 Bg7 4. c4 c6 5. 0-0 0-0 6. d4 d5 7. a4 dxc4 8. Na3 Be6 9. Ng5 Bd5 10. e4 h6 11. exd5 hxg5 12. dxc6 Nxc6 13. Nxc4 Qxd4 14. Qb3 Qd7 15. Be3 Ng4 16. Rad1 Qc7 17. Rd5 Nxe3 18. fxe3 Rac8 19. Na3 Ne5 20. a5 a6 21. Qb6 Ng4 22. Qb3 Ne5 23. Qb6 Ng4 24. Qb3 1/2-1/2

[Event "Bhopal op"]
[Site "Bhopal"]
[Date "2019.12.22"]
[Round "2"]
[White "Singh, Ojasva"]
[Black "Tukhaev, Adam"]
[Result "0-1"]
[WhiteElo "1762"]
[BlackElo "2552"]
[PlyCount "92"]
[EventDate "2019.12.21"]
[EventType "swiss"]
[EventRounds "10"]
[EventCountry "IND"]
[SourceTitle "CBM 194 Extra"]
[Source "ChessBase"]
[SourceDate "2020.03.31"]
[SourceVersion "1"]
[SourceVersionDate "2020.03.31"]
[SourceQuality "1"]

1. e4 d6 2. d4 g6 3. Nf3 Bg7 4. Be2 Nf6 5. Nc3 0-0 6. 0-0 a6 7. a4 Nc6 8. d5 Ne5 9. Nxe5 dxe5 10. Bg5 Ne8 11. Qd3 Nd6 12. Nd1 c5 13. dxc6 bxc6 14. Be3 a5 15. Nc3 Be6 16. b3 Qc7 17. Bc5 Nb7 18. Ba3 Bh6 19. Bc1 Rfd8 20. Qf3 Bxc1 21. Raxc1 Qb6 22. Rcd1 Qc5 23. Rfe1 Rd4 24. Rc1 Rad8 25. Qe3 Rd2 26. Qxc5 Nxc5 27. Red1 f5 28. f3 R2d4 29. Kf2 Kg7 30. Ke3 h5 31. g3 h4 32. g4 fxg4 33. fxg4 Kh6 34. h3 Kg5 35. Bf3 Bc8 36. Be2 Ne6 37. Bf3 Nf4 38. Rh1 Ba6 39. Rcd1 R8d6 40. Rh2 c5 41. Rhh1 c4 42. Nd5 e6 43. Nc3 cxb3 44. cxb3 Rd3+ 45. Kf2 Rc6 46. Nb5 Rc2+ 0-1

[Event "Bhopal op"]
[Site "Bhopal"]
[Date "2019.12.21"]
[Round "1"]
[White "Tukhaev, Adam"]
[Black "Arul Anandh, SPK"]
[Result "1-0"]
[WhiteElo "2552"]
[BlackElo "1582"]
[PlyCount "97"]
[EventDate "2019.12.21"]
[EventType "swiss"]
[EventRounds "10"]
[EventCountry "IND"]
[SourceTitle "CBM 194 Extra"]
[Source "ChessBase"]
[SourceDate "2020.03.31"]
[SourceVersion "1"]
[SourceVersionDate "2020.03.31"]
[SourceQuality "1"]

1. e4 c5 2. Nf3 e6 3. d4 cxd4 4. Nxd4 a6 5. Be2 Qc7 6. 0-0 Nf6 7. Nc3 Be7 8. f4 d6 9. g4 Nc6 10. g5 Nd7 11. Be3 Nxd4 12. Qxd4 e5 13. Qd2 exf4 14. Nd5 Qd8 15. Bxf4 Ne5 16. Nxe7 Qxe7 17. Rfd1 Be6 18. Qxd6 Qxd6 19. Rxd6 Nc6 20. c3 Ke7 21. Rad1 Rhd8 22. Rxd8 Rxd8 23. Rxd8 Kxd8 24. b3 a5 25. Kf2 a4 26. Bd1 axb3 27. axb3 Na5 28. c4 Kd7 29. Bd2 Nc6 30. Bc3 g6 31. Ke3 Kd6 32. Bg7 Kc5 33. Bf8+ Kb6 34. Bd6 Ka5 35. Be2 b6 36. h4 Bd7 37. h5 Nb4 38. Kd4 Na2 39. h6 Be6 40. Ke5 Nc3 41. Bf3 Nb1 42. Kf6 Nd2 43. Bg2 Nxb3 44. Kg7 Bxc4 45. Kxh7 Nd4 46. Kg7 Ne6+ 47. Kf6 b5 48. h7 b4 49. h8Q 1-0

[Event "Hyderabad op 3rd"]
[Site "Hyderabad"]
[Date "2019.08.26"]
[Round "9"]
[White "Mosadeghpour, Masoud"]
[Black "Tukhaev, Adam"]
[Result "0-1"]
[WhiteElo "2509"]
[BlackElo "2541"]
[PlyCount "88"]
[EventDate "2019.08.20"]
[EventType "swiss"]
[EventRounds "10"]
[EventCountry "IND"]
[SourceTitle "EXT 2020"]
[Source "ChessBase"]
[SourceDate "2019.10.17"]
[SourceVersion "1"]
[SourceVersionDate "2019.10.17"]
[SourceQuality "1"]

1. e4 d6 2. d4 Nf6 3. Nc3 g6 4. f4 Bg7 5. Nf3 0-0 6. Bd3 Na6 7. 0-0 c5 8. d5 Bg4 9. Bc4 Nc7 10. h3 Bxf3 11. Qxf3 a6 12. a4 b6 13. g4 Rb8 14. g5 Nd7 15. Be2 b5 16. axb5 axb5 17. f5 b4 18. Nd1 Nb5 19. Bxb5 Rxb5 20. Ne3 Ra5 21. Rb1 Qa8 22. Qg3 Bd4 23. Kh1 Qa6 24. h4 Ne5 25. Qg2 Ra1 26. Rxa1 Qxa1 27. f6 Bxe3 28. Bxe3 Qxb2 29. fxe7 Re8 30. Rf6 Nc4 31. Bf4 Rxe7 32. Bxd6 Nxd6 33. Rxd6 Qc1+ 34. Kh2 Qf4+ 35. Qg3 Qxe4 36. Rd8+ Kg7 37. Qf2 Qe2 38. Qxe2 Rxe2+ 39. Kg3 Rxc2 40. Rc8 b3 41. d6 b2 42. d7 Rd2 43. Rb8 Rxd7 44. Rxb2 c4 0-1

[Event "Hyderabad op 3rd"]
[Site "Hyderabad"]
[Date "2019.08.25"]
[Round "8"]
[White "Tukhaev, Adam"]
[Black "Laxman, Rajaram"]
[Result "1-0"]
[WhiteElo "2541"]
[BlackElo "2426"]
[PlyCount "99"]
[EventDate "2019.08.20"]
[EventType "swiss"]
[EventRounds "10"]
[EventCountry "IND"]
[SourceTitle "EXT 2020"]
[Source "ChessBase"]
[SourceDate "2019.10.17"]
[SourceVersion "1"]
[SourceVersionDate "2019.10.17"]
[SourceQuality "1"]

1. Nf3 Nf6 2. g3 d5 3. Bg2 g6 4. 0-0 Bg7 5. d4 0-0 6. c4 c6 7. a4 a5 8. cxd5 Nxd5 9. Nc3 Nb4 10. Bf4 Bg4 11. Ne5 Be6 12. Qd2 Nd7 13. Nf3 Bg4 14. Bh6 Bxf3 15. Bxf3 e5 16. d5 Bxh6 17. Qxh6 cxd5 18. Nxd5 Nxd5 19. Bxd5 Nf6 20. Bc4 Qd4 21. b3 Rad8 22. Rad1 Qxd1 23. Rxd1 Rxd1+ 24. Kg2 Ne4 25. Qe3 Nd6 26. Qxe5 Nxc4 27. bxc4 b6 28. h4 Rdd8 29. h5 Rde8 30. Qd4 gxh5 31. Qxb6 Re5 32. Qc7 Rfe8 33. e3 R8e7 34. Qd8+ Re8 35. Qd7 R8e6 36. c5 h6 37. c6 Rc5 38. Qd8+ Kh7 39. Qf8 Rexc6 40. Qxf7+ Kh8 41. Qf8+ Kh7 42. Qf7+ Kh8 43. e4 h4 44. Qf8+ Kh7 45. Qf7+ Kh8 46. Qf8+ Kh7 47. Qe7+ Kg6 48. f4 hxg3 49. f5+ Kh5 50. Kh3 1-0

[Event "Madurai Athens of the East op 1st"]
[Site "Madurai"]
[Date "2019.08.16"]
[Round "8"]
[White "Das, Sayantan"]
[Black "Tukhaev, Adam"]
[Result "1/2-1/2"]
[WhiteElo "2409"]
[BlackElo "2541"]
[PlyCount "137"]
[EventDate "2019.08.11"]
[EventType "swiss"]
[EventRounds "10"]
[EventCountry "IND"]
[SourceTitle "CBM 191 Extra"]
[Source "ChessBase"]
[SourceDate "2019.09.30"]
[SourceVersion "1"]
[SourceVersionDate "2019.09.30"]
[SourceQuality "1"]

1. e4 e5 2. Nf3 Nc6 3. Bb5 g6 4. c3 a6 5. Ba4 Bg7 6. 0-0 d6 7. d4 Bd7 8. Re1 Nf6 9. Nbd2 0-0 10. h3 exd4 11. cxd4 Nb4 12. Bxd7 Qxd7 13. Qb3 a5 14. a3 Nc6 15. d5 Nb8 16. Qxb7 Na6 17. Qb3 Rfb8 18. Qc4 Qb5 19. Qxb5 Rxb5 20. Nd4 Rc5 21. b4 Rc3 22. Bb2 Rd3 23. N2f3 Nd7 24. Re2 Re8 25. Nc6 Bxb2 26. Rxb2 a4 27. Ne1 Rc3 28. f3 f5 29. exf5 gxf5 30. Nd4 Re5 31. Nb5 Rce3 32. Kf2 Nb6 33. Rd2 Nxd5 34. Rxd5 Re2+ 35. Kf1 Rxd5 36. Kxe2 Rxb5 37. Rd1 Kf7 38. Nc2 c5 39. bxc5 Rxc5 40. Ne3 Ke6 41. Rd4 Rc3 42. Rxa4 Nc5 43. Rd4 Rxa3 44. Rxd6+ Kxd6 45. Nc4+ Kd5 46. Nxa3 f4 47. Nb5 Ke5 48. Kd2 Ne6 49. Kd3 Ng7 50. Nd4 Kd5 51. Kc3 Kc5 52. Ne2 Ne6 53. Kd3 Kd5 54. Nc3+ Ke5 55. Ne4 Ng7 56. Nf2 Nf5 57. Ng4+ Kd5 58. Nf6+ Ke5 59. Ng4+ Kd5 60. Ke2 Ke6 61. Kf2 h5 62. Nh2 Ng3 63. Nf1 Nxf1 64. Kxf1 h4 65. Ke2 Kd6 66. Kd3 Kd5 67. Kc3 Kc5 68. Kd3 Kd5 69. Kc3 1/2-1/2

[Event "Madurai Athens of the East op 1st"]
[Site "Madurai"]
[Date "2019.08.14"]
[Round "6"]
[White "Kunal, M."]
[Black "Tukhaev, Adam"]
[Result "1/2-1/2"]
[WhiteElo "2306"]
[BlackElo "2541"]
[PlyCount "70"]
[EventDate "2019.08.11"]
[EventType "swiss"]
[EventRounds "10"]
[EventCountry "IND"]
[SourceTitle "CBM 191 Extra"]
[Source "ChessBase"]
[SourceDate "2019.09.30"]
[SourceVersion "1"]
[SourceVersionDate "2019.09.30"]
[SourceQuality "1"]

1. e4 c5 2. Nf3 d6 3. Bb5+ Nd7 4. c4 e5 5. d3 g6 6. 0-0 Bg7 7. Nc3 Ne7 8. Ne1 0-0 9. Bxd7 Bxd7 10. Nc2 f5 11. Bg5 Qe8 12. Nb5 Bxb5 13. Bxe7 Qxe7 14. cxb5 Bh6 15. Na3 d5 16. exd5 Rfd8 17. Qb3 Qf7 18. Nc4 Rxd5 19. Rfe1 Bg7 20. Qa3 Qe6 21. Ne3 Rd7 22. Qxc5 Rxd3 23. Rad1 b6 24. Qc4 Qxc4 25. Nxc4 Rad8 26. Rxd3 Rxd3 27. f3 Kf7 28. Nxe5+ Bxe5 29. Rxe5 Rd2 30. Re3 Rxb2 31. Ra3 Rxb5 32. Rxa7+ Kf6 33. a4 Ra5 34. Rb7 Rxa4 35. Rxb6+ Kg5 1/2-1/2